Normal view
MARC view
- Sayyad Abid Ali Abid
Entry Personal Name
001 - CONTROL NUMBER
- control field: 90510
003 - CONTROL NUMBER IDENTIFIER
- control field: NUST
005 - DATE AND TIME OF LATEST TRANSACTION
- control field: 20220308154829.0
008 - FIXED-LENGTH DATA ELEMENTS
- fixed length control field: 220308|| aca||aabn | a|a d
040 ## - CATALOGING SOURCE
- Original cataloging agency: NUST
- Transcribing agency: NUST
100 ## - HEADING--PERSONAL NAME
- Personal name: Sayyad Abid Ali Abid
670 ## - SOURCE DATA FOUND
- Source citation: Work cat.: (NUST)587689: Sayyad Abid Ali Abid, Talmihat-e-Iqbal, 2012.
